000 00463nam a2200181Ia 4500
001 14834
005 20260306164943.0
008 260306t2005||||xx |||||||||||||| ||spa||
041 _aESP
082 _a519.5
_bA59 2005
100 _aAnderson, David R.
_eAUT
245 0 _aEstadística para administración y economía
260 _c2005
300 _axxii, 884 páginas :, A-84, I-9
_c27 cm.
650 _aGEN
654 _aCMA
942 _cLIB
_dJUS
_fJUS
_2ddc
_n
999 _c14834
_d14834